000 00502nam a2200181Ia 4500
005 20250508165608.0
008 008 250505s9999 xx 000 0 eng d
037 _aTextual
040 _aFEDL
_beng
_cFEDL
041 _aeng
_2eng
084 _a005, PC
_qFEDL
245 0 _aPCQ 's Summer '96 CD-ROM : The internet special
260 _aNew Delhi, India
_bCyber mdeia Publication
_c1996
300 _a150p
365 _aINR
_b50
942 _cTEXL
_h005, PC
999 _c1396089
_d1396089